00525nam a2200157Ia 4500003000400000008004100004040001600045082001800061100004900079245013900128300001100267490001600278650002200294650001700316650003400333GCL140319s9999 xx 000 0 ara d aGCL / cGCL04a616.89bل م1 aلطفى عبدالعزيز الشربينى10aمشكلات من العيادة النفسية: 40 حالة نفسيةوعلاجها / cلطفى عبدالعزيز الشربينى a126 ص aكتابv004aعلم النفس04aالعلاج04aالامراض النفسية